Potenciálna integrácia Moldavska do Európskej únie diplomová práca

Uložené v:
Podrobná bibliografia
Hlavný autor: Surový, Aurel
Korporativný autor: Fakulta medzinárodných vzťahov EU. Katedra medzinárodného práva
Ďalší autori: Bocková, Lucia, 1978-
Médium: Kniha
Jazyk:Slovak
Vydavateľské údaje: Bratislava 2025
Tagy: Pridať tag
Žiadne tagy, Buďte prvý, kto otaguje tento záznam!

MARC

LEADER 00000nbm a2200000 4500
001 0309521
005 20260327094411.3
041 0 |a slo 
044 |a SK 
245 1 0 |a Potenciálna integrácia Moldavska do Európskej únie  |b diplomová práca  |c Aurel Surový ; školiteľ: Lucia Bocková 
264 1 |a Bratislava  |c 2025 
300 |a 66 s. 
100 1 |a Surový, Aurel 
700 1 |a Bocková, Lucia, 1978- 
710 2 |a Fakulta medzinárodných vzťahov EU. Katedra medzinárodného práva